Southville International School and Colleges
Your cart is empty.
  • Cart
  • Lists
    Public lists Eva Luna New books Lux_list list_1
    Your lists Log in to create your own lists
  • Log in to your account
  • Your cookies
  • Search history
Southville International School and Colleges
  • Advanced search
  • Recent comments
  • Most popular
  • Libraries

Log in to your account

Log in with GOOGLE


If you do not have an external account, but do have a local account, you can still log in:

  1. Home
  2. MARC view: Dolphins at daybreak /
Normal view MARC view ISBD view

Dolphins at daybreak / (Record no. 102051)

[ view plain ]
MARC details
000 -LEADER
fixed length control field 005399061a2200181 4500
005 - DATE AND TIME OF LATEST TRANSACTION
control field 20140412111226.0
008 - FIXED-LENGTH DATA ELEMENTS--GENERAL INFORMATION
fixed length control field 140211s1997 xx 000 0 und d
020 ## - INTERNATIONAL STANDARD BOOK NUMBER
International Standard Book Number 0-679-88338-X
050 ## - LIBRARY OF CONGRESS CALL NUMBER
Classification number ER
Item number Do65 1997
100 1# - MAIN ENTRY--PERSONAL NAME
Personal name Osborne, Mary Pope
245 10 - TITLE STATEMENT
Title Dolphins at daybreak /
Statement of responsibility, etc by Mary Pope Osborne ; illustrated by Sal Murdocca.
260 ## - PUBLICATION, DISTRIBUTION, ETC. (IMPRINT)
Place of publication, distribution, etc New York :
Name of publisher, distributor, etc Random House,
Date of publication, distribution, etc 1997.
300 ## - PHYSICAL DESCRIPTION
Extent 67 p. ; ill.
440 #0 - SERIES STATEMENT/ADDED ENTRY--TITLE
Title Magic Tree House, #9
650 #4 - SUBJECT ADDED ENTRY--TOPICAL TERM
Topical term or geographic name as entry element Dolphins
General subdivision Fiction
650 #4 - SUBJECT ADDED ENTRY--TOPICAL TERM
Topical term or geographic name as entry element Children stories
General subdivision Fiction
Holdings
Withdrawn status Lost status Damaged status Use restrictions Home library Current library Shelving location Date acquired Source of acquisition Cost, normal purchase price Total Checkouts Full call number Barcode Date last seen Price effective from Koha item type
        Elizalde Library Elizalde Library Easy Reading Section 06/03/2002   145.50   ER Do65 1997 E0362 04/12/2014 04/12/2014 Books

Dolphins at daybreak /

APA

Osborne M. P., . (1997). Dolphins at daybreak. New York: Random House.

Chicago

Osborne Mary Pope, . 1997. Dolphins at daybreak. New York: Random House.

Harvard

Osborne M. P., . (1997). Dolphins at daybreak. New York: Random House.

MLA

Osborne Mary Pope, . Dolphins at daybreak. New York: Random House. 1997.

  • Place hold
  • Print
  • Cite
  • Add to your cart (remove)
  • Save record
    BIBTEX Dublin Core MARCXML MARC (non-Unicode/MARC-8) MARC (Unicode/UTF-8) MARC (Unicode/UTF-8, Standard) MODS (XML) RIS
  • More searches
    Search for this title in:
    Other Libraries (WorldCat) Other Databases (Google Scholar) Online Stores (Bookfinder.com) Open Library (openlibrary.org)

Exporting to Dublin Core...

SOUTHVILLE LIBRARY

Southville International School and Colleges Library

1281 Tropical Ave. Cor. Luxembourg St., BF Homes International, Las Pinas City

Tel. No. 8256374 / 252358 Loc. 117/146

Powered by Koha